000 03382nam a2200445 i 4500
003 DO-SdBNP
005 20250710095425.0
007 ta
008 201126b2022 dr cdo|| |||| 00| 0 spa d
020 _a9789945634082
020 _a9789945634099
040 _aDO-SdBNP
_bspa
_cBNPHU
_erda
041 _aspa
082 4 _axxx
_bM533
_222
111 _aSeminario Internacional "Migración, remesas y desarrollo"
_c(Santo Domingo, República Dominicana
_ddel 27 al 29 de octubre de 2021: )
_977442
245 1 0 _aMemoria seminario Internacional "Migración, remesas y desarrollo " /
_cpresentación, Reyna Bartolomé ; ponentes, Wilfredo Lozano, Odile Camilo Vincent, Dilip Ratha, Felipe Muñoz, Jeremy T. Harris y otros.
264 1 _aSanto Domingo, República Dominicana :
_bInstituto Nacional de Migración,
_c2022
300 _a145 páginas :
_bilustraciones, gráficos, retratos, fotografías ;
_c27 cm.
336 _atexto
_btxt
_2rdacontent
337 _asin mediación
_bn
_2rdamedia
338 _avolumen
_bnc
_2rdacarrier
500 _aIncluye datos biográficos de los ponentes desde la página 133.
505 2 _tPresentación --
_tPalabras de bienvenida, Wilfredo Lozano --
_tPalabras de bienvenida, Odile Camilo --
_tConferencia magistral, Dilip Ratha --
_gSesión 1 --
_tLa dimensión de las remesas. Contexto regional --
_gSesión 2--
_tRemesas e inclusión financiera --
_gSesión 3 --
_tRemesas y migración. Análisis de casos del caribe --
_tPalabras de Miguel Ceara Hatton, Ministro de economía, Planificación y Desarrollo --
_tPerfiles de los ponentes /
590 _aInventariado, 2023/ YL
700 1 _aLozano, Wilfredo
_eponente
_edirector ejecutivo del Instituto Nacional de Migración
_981507
700 1 _aCamilo Vincent, Odile
_eponente
_erectora de la Universidad Iberoamericana
_984245
700 1 _aRatha, Dilip
_eponente
_edirector de la Global Knowledge Partnership on Migration and Development (KNOMAD)
_984246
700 1 _aMuñoz, Felipe
_eponente
_ejefe de la unidad de migraciones del Banco Interamericano de Desarrollo
_984247
700 1 _aHarris, Jeremy T.
_eponente
_eespecialista de la unidad de migración del Banco Interamericano de Desarrollo
_984248
700 1 _aPlaza, Sonia
_eponente
_ecopresidenta del grupo de trabajo temático sobre la diáspora de la Global Knowledge Partnership on Migration and Development (KNOMAD)
_984249
700 1 _aVivanco, Fermín
_eponente
_eespecialista líder del laboratorio del Banco Interamericano de Desarrrollo
_984250
700 1 _aMaldonado Gonzáles, René Alberto
_eponente
_ecoordinador del programa de remesas e inclusión financiera del Centro de estudios Monetarios Latinoamericanos (CEMLA)
_984251
700 1 _aGilbert, Randolph
_eponente
_efuncionario de la Comisión Económica para América Latina y el Caribe (CEPAL)
_984252
700 1 _aFuente, Alejandro de la
_eponente
_eeconomista sénior en práctica global de pobreza y equidad del Banco Mundial
_984253
700 1 _aGutiérrez, Letty
_eponente
_econsultora económica del Banco Central de República Dominicana
_983147
700 1 _aCeara-Hatton, Miguel
_eponente
_eministro de economía, planificación y desarrollo (MEPyD)
_91685
700 1 _aMadera Sued, Luis
_eponente
_edirector general de desarrollo económico y social del Ministerio de Economía, Planificación y Desarrollo
_980170
910 _aYLockward
942 _2ddc
_cLBS1
999 _c54897
_d54897